| Art - Music/Opera | 6 | 6.67 | 67% | 0% | 0% |
| Art - Other | 4 | 7.50 | 75% | 0% | 0% |
| Art - Painting/Sculpture | 5 | 12.00 | 100% | 20% | 0% |
| Art - Visual | 2 | 15.00 | 100% | 50% | 0% |
| Current Events/Modern World - Western social | 1 | 10.00 | 100% | 0% | 0% |
| Geography - Europe | 1 | 20.00 | 100% | 100% | 0% |
| Geography - Mixed/any | 1 | 10.00 | 100% | 0% | 0% |
| Geography - United States | 1 | 20.00 | 100% | 100% | 0% |
| History - American | 7 | 14.29 | 100% | 43% | 0% |
| History - European | 8 | 12.50 | 100% | 13% | 13% |
| History - Other | 6 | 8.33 | 67% | 17% | 0% |
| History - World | 2 | 10.00 | 100% | 0% | 0% |
| Literature - American any | 1 | 20.00 | 100% | 0% | 100% |
| Literature - American long fiction | 2 | 10.00 | 100% | 0% | 0% |
| Literature - American poetry | 4 | 7.50 | 75% | 0% | 0% |
| Literature - British any | 1 | 10.00 | 100% | 0% | 0% |
| Literature - British short fiction | 1 | 10.00 | 100% | 0% | 0% |
| Literature - European long fiction | 3 | 6.67 | 67% | 0% | 0% |
| Literature - European poetry | 1 | 20.00 | 100% | 100% | 0% |
| Literature - World/Misc any | 2 | 10.00 | 100% | 0% | 0% |
| Literature - World/Misc long fiction | 3 | 10.00 | 100% | 0% | 0% |
| Literature - World/Misc short fiction | 1 | 10.00 | 100% | 0% | 0% |
| Mythology - Americas | 1 | 10.00 | 100% | 0% | 0% |
| Mythology - Greco/Roman | 1 | 0.00 | 0% | 0% | 0% |
| Mythology - Mixed/Any | 2 | 10.00 | 100% | 0% | 0% |
| Other Academic/Cross-Category - Any | 1 | 20.00 | 100% | 100% | 0% |
| Philosophy - 20th century | 1 | 0.00 | 0% | 0% | 0% |
| Philosophy - Ancient | 1 | 10.00 | 100% | 0% | 0% |
| Philosophy - Mixed/Any | 2 | 15.00 | 100% | 0% | 50% |
| Philosophy - Pre-20th | 1 | 10.00 | 100% | 0% | 0% |
| Religion - Buddhism | 1 | 10.00 | 100% | 0% | 0% |
| Religion - Christianity/Judaism | 2 | 20.00 | 100% | 100% | 0% |
| Religion - Hinduism | 2 | 10.00 | 50% | 50% | 0% |
| Religion - Islam | 1 | 10.00 | 100% | 0% | 0% |
| Religion - Mixed/Any | 3 | 10.00 | 100% | 0% | 0% |
| Science - Biology | 4 | 15.00 | 100% | 50% | 0% |
| Science - Chemistry | 7 | 15.71 | 86% | 43% | 29% |
| Science - Earth | 1 | 20.00 | 100% | 100% | 0% |
| Science - Physics | 6 | 13.33 | 100% | 33% | 0% |
| Social Science - Anthropology | 1 | 0.00 | 0% | 0% | 0% |
| Social Science - Economics | 1 | 10.00 | 100% | 0% | 0% |
| Social Science - Law | 1 | 20.00 | 100% | 100% | 0% |
| Social Science - Mixed/Any | 1 | 0.00 | 0% | 0% | 0% |
| Social Science - Psychology | 1 | 30.00 | 100% | 100% | 100% |
| Social Science - Sociology | 1 | 0.00 | 0% | 0% | 0% |